000 00958cab a2200193 4500
001 ##L134067
008 060706n2006 000 0 eng u
035 _a(Sirsi) u134067
041 0 _aeng
110 2 _aFranklin and Andrews
_92518
245 0 0 _aIreland's green light
260 _c2006
490 0 _aQS News
_v30 June 2006, 14-15(2)
520 _aThere has been significant growth in the Irish construction industry in the past decade, so that in 2005 it produced 18% of GDP, and employed 13% of the workforce. Housing accounted for 64% of total output, with infrastructure also making a strong contribution. New construction work is expected to grow by 1% in 2006, and it is anticipated that tender prices will rise by 5-6% in the same period. Construction costs rose by 3.5% in the first quarter of 2006. Contains tables and graphs.
590 _aIKA180706
651 4 _aIRELAND
690 _aBUILT ENVIRONMENT-CONSTRUCTION MARKET
942 _n0
999 _c77350
_d77350